SWIPED HOW TO PROTECT YOURSELF IN A WORL (Record no. 31271)

MARC details
000 -LEADER
fixed length control field 00342nam a2200133Ia 4500
008 - FIXED-LENGTH DATA ELEMENTS--GENERAL INFORMATION
fixed length control field 240624s9999 xx 000 0 und d
041 ## - LANGUAGE CODE
Language code of text/sound track or separate title eng
082 ## - DEWEY DECIMAL CLASSIFICATION NUMBER
Classification number 658.4012 KLU
100 ## - MAIN ENTRY--PERSONAL NAME
Personal name LEVIN ADAM
245 ## - TITLE STATEMENT
Title SWIPED HOW TO PROTECT YOURSELF IN A WORL
260 ## - PUBLICATION, DISTRIBUTION, ETC.
Date of publication, distribution, etc. 2015
Place of publication, distribution, etc. New York
Name of publisher, distributor, etc. PublicAffairs
300 ## - PHYSICAL DESCRIPTION
Extent 272 p,: 23 cm.
365 ## - TRADE PRICE
Currency code RS
Price amount 38
Holdings
Withdrawn status Lost status Damaged status Not for loan Home library Current library Shelving location Date acquired Full call number Barcode Date last seen Copy number Price effective from Koha item type
        IMTN IMTN Rack 28-B 09/06/2018 658.4012 KLU 31271 06/24/2024 1 06/24/2024 Books
Designed & Maintained by: LRC IMT Nagpur Contact: lrc@imtnag.ac.in© 2024. All Rights Reserved.